00652nam a2200193Ia 4500001001000000003000500010008004100015010001100056040000900067082001800076100002700094245006200121260008300183300001100266440003800277650004200315700003000357710007100387Para_7065CHAP220125s1973 xx 000 0 und d a205891 cCHAP aPA 633.61 C35 aAyalde Varon Guillermo aCaña de Azúcar /c por Guillermo Ayalde Varon et.al. aPalmira, Colombia :b Centro Nacional de Investigaciones Agropecuarias Palmira a261 p. aManual de Asistencia Técnica; 9 aCaña de azúcar x investigación aAyalde Varón, Guillermo aCentro Nacional de Investigaciones Agropecuarias Palmira, Colombia